| 000 | 01281nmm a2200325 a 4500 | ||
|---|---|---|---|
| 001 | 0000023854 | ||
| 003 | CO-CtgCURN | ||
| 005 | 20250331185143.0 | ||
| 007 | co cga---uuuuu | ||
| 008 | 160627s2010 i eng d | ||
| 020 | _a9788480866644 | ||
| 040 |
_aCO-CtgCURN _bspa _ccoctgcurn |
||
| 082 | 0 |
_a610.736 _bC567 |
|
| 100 | 1 | _aCibanal Juan, Luis. | |
| 245 | 1 | 0 |
_aTecnicas de comunicación y relacion de ayuda en ciencias de la salud _h[electronic resource] / _cLuis Cibanal Juan, María del Carmen Arce Sánchez, María del Consuelo Carballal Balsa. |
| 250 | _a2a ed. | ||
| 260 |
_aBarcelona : _bElsevier, _c2010. |
||
| 300 | _axv, 304 p. + 1 Cd-Rom. | ||
| 336 | _2rdacontent | ||
| 337 |
_2rdamedia _asin mediacion _bn |
||
| 338 |
_2rdacarrier _avolumen _bnc |
||
| 504 | _aIncluye bibliografia e indice. | ||
| 505 | 8 | _aAlgunos aspectos de la comunicación -- Hacia una comunicación clara y transparente -- La relacion de ayuda -- Comunicación grupal | |
| 650 | 0 | _aComunicación en enfermeria. | |
| 700 | 1 | _aArce Sánchez, María del Carmen. | |
| 908 | _a160627 | ||
| 942 |
_cBK _h610.736 _iC567 _2ddc |
||
| 999 |
_c21445 _d21445 |
||